Papaplatte Top 50 Chatter - Statistiken

Allgemein
  • Dieses Quiz wurde 201 mal gespielt
    186 seit der letzten Aktualisierung
  • Das Durchschnittsergebnis liegt bei 3 aus 49
Antwortstatistiken
Hint Antwort % Korrekt
340.172 zCrexpy
88%
396.598 lachschaos
44%
514.500 tasuOG
15%
238.339 alexfeelsdankman
13%
402.453 LetsFour
11%
206.488 flushedjulian
8%
146.022 magicbluesword
8%
144.450 pepegepaul
8%
263.750 hi_im_n0va
7%
129.823 samiboyyy
7%
112.112 dieserobin
6%
160.442 flashskynews
6%
173.473 dexorstry
4%
223.119 ec______
4%
220.450 hadezzishappy
4%
275.411 itzzdaavid
4%
151.803 pagshake
4%
99.529 weithardo
4%
150.428 senpaiakaanne
3%
239.009 lars_99
2%
185.299 anniiikaa
1%
105.935 bennix04
1%
159.460 brexco
1%
109.894 dieziege
1%
288.019 ellioxx
1%
221.248 gr4veh4x
1%
203.481 helltf
1%
190.425 niko2233
1%
135.080 pr0gresiv
1%
131.766 refented
1%
141.424 tdkumon
1%
149.651 voltensoo
1%
134.558 benniitime
0%
106.343 cddx_
0%
105.290 claaaaraa
0%
141.205 dankunite
0%
157.484 kiansly
0%
129.347 lf_legi
0%
185.273 m4ariusss
0%
114.947 mikeku
0%
144.366 moooritz
0%
98.877 n0tvisi0n_
0%
125.087 ninitheo
0%
120.741 r3dtr33_tv
0%
129.457 ronic76
0%
111.982 theoooooo_
0%
162.556 v1ndecs
0%
107.413 visi0none
0%
220.781 ydorbtw
0%
Keine übereinstimmenden Quizze gefunden
Verteilung der Resultate
Anzahl Personen mit jedem Resultat
Perzentil nach korrekt beantworteten Fragen
Ihre Resultats-Entwicklung
Sie haben dieses Quiz seit der letzten Aktualisierung nicht gespielt